Top Cinco Países Por Categoria #2 - Statistics

Estatísticas Gerais
  • Esse quiz foi jogado 32 693 vezes
  • A pontuação média é 28 de 55
Estatísticas das Respostas
País % Correto
Brasil
98%
Estados Unidos
98%
China
95%
Alemanha
94%
França
93%
Rússia
92%
Argentina
89%
Itália
89%
Japão
88%
Vaticano
88%
Canadá
86%
Reino Unido
82%
Índia
78%
Arábia Saudita
76%
Venezuela
73%
Irão
68%
Uruguai
67%
Suíça
64%
Suécia
63%
Mônaco
62%
Países Baixos
60%
Iraque
57%
Coreia do Norte
54%
San Marino
53%
Nepal
51%
Catar
50%
Emirados Árabes Unidos
49%
Bélgica
47%
Israel
44%
Níger
44%
Paquistão
43%
Luxemburgo
40%
Andorra
39%
Áustria
38%
Nigéria
38%
Liechtenstein
37%
Butão
36%
Grécia
35%
Síria
34%
Islândia
32%
União Soviética
31%
Nauru
30%
Tuvalu
28%
Angola
27%
Kuweit
25%
Filipinas
22%
Jordânia
20%
República Checa
20%
Chade
14%
Lituânia
14%
Santa Lúcia
11%
Uganda
11%
Moldávia
10%
Malawi
7%
Djibouti
5%
Nenhum quiz correspondente encontrado
Distribuição das Pontuações
Porcentagem de Pessoas com Cada Pontuação
Percentil de Números Respondidos
Sua Pontuação Histórica
Você não jogou esse quiz